LEADER 01130nam0 22003133i 450 001 CAG0561314 005 20170908093254.0 100 $a20151105d1968 ||||0itac50 ba 101 | $aita 102 $ait 181 1$6z01$ai $bxxxe 182 1$6z01$an 200 1 $a˜Le œpassioni umane$fGerard Blais 210 $aRoma$cEdizioni Paoline$d[1968! 215 $a366 p.$d18 cm 225 | $aPsychologica$i. N.S$v12 300 $aTrad. C. Amedei 410 0$1001SBL0381983$12001 $aPsychologica$i. N.S$v12 500 10$aPetit traite pratique des passions humaines$fGerard Blais.$3SBL0374043$9SBLV190349$91484061 606 $aPassioni$2FIR$3NAPC020937$9I 676 $a152.4$9EMOZIONI E SENTIMENTI$v21 700 1$aBlais$b, Gerard$3SBLV190349$4070$0744778 801 3$aIT$bIT-NA0079$c20151105 850 $aIT-NA0074 912 $aCAG0561314 950 0$aBiblioteca Provinciale Laurenziana$c1 v.$d 91PH 9B 00009$e 91 0000146025 B 1 v.$fT $h20151105$i20151105 977 $a 91 996 $aPetit traite pratique des passions humaines$91484061 997 $aUNISANNIO LEADER 02980oam 2200649zu 450 001 9910139974003321 005 20210807001235.0 010 $a2-36245-017-1 024 7 $a10.4000/books.ifeagd.114 035 $a(CKB)2560000000351756 035 $a(SSID)ssj0001539764 035 $a(PQKBManifestationID)11823640 035 $a(PQKBTitleCode)TC0001539764 035 $a(PQKBWorkID)11533614 035 $a(PQKB)10927076 035 $a(WaSeSS)IndRDA00043854 035 $a(FrMaCLE)OB-ifeagd-114 035 $a(oapen)https://directory.doabooks.org/handle/20.500.12854/40596 035 $a(PPN)18282618X 035 $a(oapen)doab40596 035 $a(EXLCZ)992560000000351756 100 $a20160829d2000 uy 101 0 $afre 135 $aur||||||||||| 181 $ctxt 182 $cc 183 $acr 200 14$aLes Albanais à Istanbul : Programme de recherche "Turquie, Caucase, Mer Noire" 210 $cInstitut français d?études anatoliennes$d2000 210 31$a[Place of publication not identified]$cInstitut français d'études anatoliennes$d2000 215 $a1 online resource (24 pages) 225 1 $aDossiers de l'IFEA. Se?rie Turquie aujourd'hui ;$vNume?ro 3 300 $aBibliographic Level Mode of Issuance: Monograph 311 08$a2-906053-57-0 330 $aCe dossier a pour objectif de donner une image des communautés albanaises et d?origine albanaise en Turquie et plus particulièrement à Istanbul : leur origine, leur fonctionnement et leurs relations avec les autres communautés albanaises dans les Balkans (Albanie, ex­ Yougoslavie, Grèce), dans le contexte géopolitique des années 1990. Ce contexte est bien sûr marqué à la fois par les crises successives qui ont marqué la décomposition de la Yougoslavie, dont la dernière, dans la province du Kosovo (1998-1999), a posé la question de la position des Albanais dans les États balkaniques où ils constituent une part significative de la population, et par l?évolution politique, économique et sociale que connaît l?Albanie depuis la chute de la dictature com­muniste, au début des années 1990. 410 0$aDossiers de l'IFEA.$pSe?rie Turquie aujourd'hui ;$vNume?ro 3. 606 $aRegions & Countries - Europe$2HILCC 606 $aHistory & Archaeology$2HILCC 606 $aBalkan Peninsula$2HILCC 610 $aAlbanie 610 $aKosovo 610 $amigrations 610 $acommunauté albanaise 610 $adiaspora 610 $amémoire 610 $aminorité 610 $aTurquie 615 7$aRegions & Countries - Europe 615 7$aHistory & Archaeology 615 7$aBalkan Peninsula 700 $aRapper$b Gilles de$0885142 712 02$aProgramme de recherche "Turquie, Caucase, Mer Noire." 801 0$bPQKB 906 $aBOOK 912 $a9910139974003321 996 $aLes Albanais à Istanbul : Programme de recherche "Turquie, Caucase, Mer Noire"$91976329 997 $aUNINA